000 00588nam a2200181 i 4500
001 141674
003 ES-MaACL
005 20250717062048.0
007 t|
008 070926s1918 fr ||||1| fre d
100 1 _aVincent, José.
_9115311
245 1 0 _aFrédéric Mistral
_b: sa vie, son influence, son action et son art /
_cJosé Vincent.
260 _aParis :
_bG. Beauchesne,
_c1918 (
_eVannes :
_fLafolye frères)
300 _a321 p. :
_bil. ;
_c19 cm.
600 1 4 _aMistral, Frédéric,
_d1830-1914
_981664
852 _aES-MaACL
_jF-5602
999 _c141674
_d141674